|
|
|
|
| LEADER |
00955nam a22002297a 4500 |
| 001 |
16850 |
| 003 |
BD-DhAAL |
| 005 |
20141101133819.0 |
| 008 |
141101s2004 bg a|||| b||| 00| 0 eng d |
| 020 |
|
|
|a 9848360026
|
| 040 |
|
|
|a BD-DhAAL
|c BD-DhAAL
|
| 082 |
|
|
|2 22
|a 658.4/04
|
| 100 |
|
|
|a খান, মো: আনসার আলী
|9 5925
|
| 245 |
|
|
|a প্রকল্প ব্যবস্থাপনা /
|c মো: আনসার আলী খান
|
| 260 |
|
|
|a ঢাকা :
|b এ এইচ ডেভেলপমেন্ট পাবলিশিং হাউজ,
|c ২০০৪
|
| 300 |
|
|
|a ৩৪৬ পৃ. :
|b চিত্র ;
|c ২২ সে. মি.
|
| 541 |
|
|
|e 16850
|
| 650 |
|
|
|a Project Management
|9 5926
|
| 852 |
|
|
|a Ayesha Abed Library
|c General Stacks
|
| 942 |
|
|
|2 ddc
|c BK
|
| 999 |
|
|
|c 33006
|d 33006
|
| 952 |
|
|
|0 0
|1 0
|2 ddc
|4 0
|6 658_404000000000000_KHA
|7 0
|9 43963
|a IGS
|b IGS
|c GEN
|d 2014-11-01
|l 0
|o 658.404 KHA
|p 3010016850
|r 2014-11-01
|t 1
|w 2014-11-01
|y BK
|